000 00653 a2200205 4500
005 20260218092932.0
008 260218b |||||||| |||| 00| 0 eng d
020 _a9788119028931
_cरु 395.00
040 _aMAIN
082 _a891.49994391
_bFF177N
100 _a‘फ़ैज़’ , फ़ैज़ अहमद
110 _a
245 _aनक्श-ए-फरियादी
250 _aLatest edition
260 _bराजकमल प्रकाशन
_c2023
_aनई दिल्ली
300 _a101
650 _aहिन्दी साहित्य
651 _aहिन्दी कविता
942 _cHN
999 _c393958
_d393958